8051 Microcontroller And Embedded Systems (Record no. 354520)

MARC details
000 -LEADER
fixed length control field 00426nam a2200157Ia 4500
008 - FIXED-LENGTH DATA ELEMENTS--GENERAL INFORMATION
fixed length control field 230719s9999 xx 000 0 und d
041 ## - LANGUAGE CODE
Language code of text/sound track or separate title eng
082 ## - DEWEY DECIMAL CLASSIFICATION NUMBER
Classification number 004.165
Item number MAZ
100 ## - MAIN ENTRY--PERSONAL NAME
Personal name Mazidi M.A.
245 ## - TITLE STATEMENT
Title 8051 Microcontroller And Embedded Systems
Remainder of title Using Assembly And C
250 ## - EDITION STATEMENT
Edition statement 2nd ed.
260 ## - PUBLICATION, DISTRIBUTION, ETC. (IMPRINT)
Date of publication, distribution, etc. 2006
Name of publisher, distributor, etc. Pearson
300 ## - PHYSICAL DESCRIPTION
Extent 547
365 ## - TRADE PRICE
Currency code Rs.
Price amount 355.00
700 ## - ADDED ENTRY--PERSONAL NAME
Personal name Mazidi M.A.; Mazidi J.G. & Mckinlay R.D.
Holdings
Withdrawn status Lost status Damaged status Not for loan Home library Current library Shelving location Date acquired Vendor Cost, normal purchase price Total Checkouts Full call number Barcode Date last seen Date last checked out Cost, replacement price Bill Date Koha item type Original Barcode
        Cummins College of Engineering for Women Pune Cummins College of Engineering for Women Pune Donated Book 31/01/2018 Masurkar Enterprises 355.00 8 004.165 CCEP-DB-725 20/05/2025 13/05/2025 355.00 19/07/2023 Books D00725